[Event "Bad Homburg"]
[Site "Bad Homburg"]
[Date "1996.??.??"]
[Round "7"]
[White "Bezold, Michael"]
[Black "Boensch, Uwe"]
[Result "1-0"]
[WhiteElo "2495"]
[BlackElo "2525"]
[Annotator "Ribli,Z"]
[PlyCount "59"]
[EventDate "1996.07.20"]
[EventType "tourn"]
[EventRounds "9"]
[EventCountry "GER"]
[EventCategory "12"]
[SourceTitle "CBM 055"]
[Source "ChessBase"]
[SourceDate "1996.12.01"]
[SourceVersion "1"]
[SourceVersionDate "1996.12.01"]
[SourceQuality "1"]

1. e4 {Alterman} c5 2. Nf3 e6 3. c4 Nc6 4. Nc3 Nf6 5. Be2 a6 (5... d5 {Alterman
} 6. exd5 exd5 7. d4 Be6 $1 8. Bg5 cxd4 9. Nxd4 Nxd4 10. Qxd4 dxc4 11. Qh4 Be7
12. Bxc4 Bxc4 13. Qxc4 Qa5 $1 $10 {Cifuentes,R-Kohlweyer,B /Groningen op/1992/}
) (5... b6 {Alterman} 6. O-O Bb7 7. d4 cxd4 8. Nxd4 Nxd4 9. Qxd4 Bc5 10. Qd3
Qc7 11. Be3 O-O 12. Rfd1 Rfd8 13. Rac1 Rac8 14. a3 Qe5 15. Bxc5 bxc5 16. Bf3
Ba6 17. b3 {Cifuentes,R-Piket,J/Eindhoven (ch-NL)/1992/0,5/}) 6. O-O Qc7 {
Ribli. Wenn wir die Kennzeichnung dieser Eroeffnung betrachten, finden wir A34,
das ist die Englische Eroeffnung. Aber in Wirklichkeit - wenn Weiss wie in
unserer Partie 7.d4 spielt - dann haben wir eine echte Sizilianische
Verteidigung. Und doch gibt es auch Unterschiede zur normalen sizilianischen
Zugfolge.} 7. d4 cxd4 8. Nxd4 Bd6 {Ribli.Heutzutage ist diese Variante nicht
mehr so populaer wie frueher. Weiss spielt gegen Paulsen-Aufbau - nach 1.e4 c5
2.Nf3 e6 3.d4 cd 4.Nd4 a6 lieber 5,Bd3. Und anderseits spielt Schwarz nach 5.
c4 Nf6 6.Nc3 das sofortige 6...Bb4.} (8... Nxd4 9. Qxd4 Bc5 10. Qd3 O-O 11. Kh1
Rd8 12. Bg5 Be7 13. f4 $16) (8... Bb4 9. Nxc6 dxc6 10. Qc2 (10. Be3 Bxc3 11.
bxc3 c5 (11... Nxe4 12. Qd4 Nf6 13. Bf4 $16) (11... Qe5 $5 12. f3 Qxc3 13. Bc5
$44) 12. Qc2 e5 (12... O-O $2 13. f4 $16) 13. f4 Bg4 (13... Ng4 14. Bxg4 Bxg4
15. f5 f6 16. h3 Bh5 17. Qa4+ $16) 14. fxe5 Bxe2 15. Qxe2 Qxe5 16. Bf4 Qe6 (
16... Qxe4 $2 17. Rae1 $1 Qxe2 18. Rxe2+ Kf8 19. Bd6+ Kg8 20. Bxc5 $16) (16...
Qxc3 17. Rad1 $1 O-O 18. Rf3 Qa5 19. Bg5 $16) 17. e5 O-O 18. Rad1 Rae8 19. Rfe1
Qf5 $13 {Cifuentes Parada,R-Lobron,E/Linares op/1996/CBM51/} (19... Qf5 $1 {
Alterman} 20. Qf3 Nh5 $1 21. Bc1 $1 Qxf3 (21... Rxe5 $2 22. Qxf5 Rxf5 23. g4
$18) 22. gxf3 Re6 $10 23. Rd5 b6 24. a4 a5 25. Kf2 Rfe8 26. Bd2 h6 27. f4 f6
28. Kf3 fxe5 29. fxe5 Kf7 30. Kg4 Kg6 31. Rd6 Rxd6 32. exd6 Nf6+ 33. Kf4 {
Cifuentes Parada,R-Lobron,E/Linares op/1996/0,5/43/CBM_51/})) 10... e5 (10...
Bc5 $5 $10) 11. Na4 Be6 12. c5 Qe7 13. f4 exf4 {Radulov-Ostojic,Kikinda 1976.}
(13... Bg4 {Radulov-Janosevic,1976 Vrbas.})) (8... Be7 9. Be3 d6 10. Rc1 Rb8
11. Nd5 $1 {Iordachescu,V-Szuk,B/WchJM-U18/1994/}) (8... h5 $6 9. g3 h4 10. Be3
hxg3 11. hxg3 Bb4 12. Nxc6 bxc6 13. Qd3 $1 $14) 9. g3 Be5 (9... O-O $4 10. Ndb5
$18) (9... Be7 10. Be3 d6 11. Rc1 Ne5 12. f4 Ned7 13. Bf3 g6 14. Bg2 O-O 15. g4
e5 16. g5 Ne8 17. Nd5 $36 {Gubanov,A-Lugovoi,A/St.Petersburg Chigorin/1995/}) (
9... Be7) 10. Be3 $14 {Ribli. Die scheinbare Schwaechung des Koenigsfluegels
mit 9.g3 hat keine Bedeutung, Weiss hat viel mehr Raum.} Nxd4 (10... b6 11. f4
Bxd4 12. Bxd4 Nxd4 13. Qxd4 Bb7 14. e5 $16) 11. Bxd4 {Ribli.Schwarz hat
Schwierigkeiten auf den schwarzen Feldern und zudem Entwicklungsrueckstand.} d6
(11... Bxd4 12. Qxd4 e5 13. Qd2 (13. Qe3) 13... d6 14. Rad1 Ke7 15. f4) 12. f4
(12. Qd2 {Alterman} Bxd4 13. Qxd4 e5 (13... O-O $2 14. Rad1 Rd8 15. e5 $16) 14.
Qd3 Be6 15. Rad1 Rd8 (15... Ke7 16. f4 $16) 16. b4 O-O 17. Nd5 Bxd5 18. exd5 a5
19. a3 axb4 20. axb4 Ra8 $10) (12. Bxe5 {Alterman} dxe5 13. Qd2 O-O 14. Qe3 b6
$10) 12... Bxd4+ 13. Qxd4 e5 (13... Bd7 14. Rad1 (14. e5 $1) 14... Bc6) (13...
O-O 14. Rad1 (14. Rfd1 Rd8 15. e5 Ne8 16. Ne4 $16) 14... Qc5 15. Qxc5 dxc5 16.
e5 Nd7 17. Bf3 $18) 14. Qe3 exf4 (14... O-O 15. fxe5 dxe5 16. Rxf6 $40) (14...
Be6 {Ribli.Mit der Idee eventuell 15...o-o-o.}) (14... Qc5 $2 {Alterman} 15.
Qxc5 dxc5 16. fxe5 Nd7 17. Nd5 $6 (17. Na4 $1 b6 (17... Ke7 18. Rad1 $16) (
17... Nxe5 18. Nxc5 b6 19. Na4) 18. Bg4 Rb8 19. Rad1 Ke7 20. Rxf7+ Kxf7 21. e6+
Ke7 22. exd7 Bb7 23. Nxb6 (23. e5 $1 Bc6 24. Nc3 $18) 23... Bxe4 $14) 17... Rb8
) (14... Bh3 $5 {Alterman} 15. Rfd1 $2 (15. Rf2 $1 O-O $140 16. fxe5 dxe5 17.
Rxf6 gxf6 18. Nd5 Qd6 19. Qh6 $18) 15... O-O $14) 15. gxf4 O-O 16. Kh1 $16 {
Ribli. Das grosse Problem von Schwarz ist, dass er keinen Angriffspunkt hat,
und Weiss kommt langsam und sicher auf der g-Linie.} Bg4 (16... b6 {Alterman}
17. Rg1 Bb7 18. Qd4 Qe7 19. Bd3 Rfe8 20. Rae1 $36) (16... Bd7 $1 {Alterman})
17. Bd3 (17. Bxg4 Nxg4 18. Qg3 (18. Qf3 {Alterman} Nf6 $13)) 17... Rfe8 18.
Rae1 Bd7 19. Rg1 Bc6 (19... Qc5 $5) 20. Qd4 {Ribli.Im letzten Zug verpasste
Schwarz seine einzige Hoffnung mit 19...Qc5. Jetzt beherrscht die weisse Dame
das ganze Brett.} Qe7 (20... Kh8 {Alterman} 21. Rxg7 Kxg7 22. Rg1+ Kf8 23. Qxf6
Rac8 24. Nd5 Bxd5 25. exd5 $18) 21. b4 b5 $5 (21... Rad8 22. b5 axb5 23. cxb5
Bd7 24. Nd5 $18) (21... Kh8 22. b5 axb5 23. cxb5 Bd7 24. Nd5 Qd8 25. Rxg7 $18)
22. cxb5 axb5 23. Bxb5 $18 Bb7 {Der Textzug bietet fuer Schwarz sehr geringe
Chancen in einer praktischen Partie - vielleicht übersieht sein Gegner etwas
im grossen Kampf. Aber normaleweise ist Schwarz verloren.} (23... Bxb5 24. Nd5
$18) 24. Bxe8 Nxe8 25. Nd5 Qh4 26. Re2 f5 27. Reg2 g6 (27... Qh6 28. Ne7+ Kf8
29. Nxf5 Qxf4 30. Nxg7 Qxe4 31. Qf2+ Qf3 32. Qxf3+ Bxf3 33. Rf1 $18) (27... Kf8
{Alterman} 28. Rxg7 Rxa2 29. Rg8+ Kf7 30. R1g7+ Nxg7 31. Qxg7+ Ke6 32. Re8+)
28. exf5 Kf7 29. fxg6+ hxg6 30. Qe4 {Ribli. In dieser Partie ist es Schwarz
nicht gelungen, heil aus der Eroeffnung herauszukommen.} 1-0

[Event "Budapest FS12 GM-A"]
[Site "Budapest"]
[Date "2001.12.02"]
[Round "2"]
[White "Bokros, Albert"]
[Black "Horvath, Adam"]
[Result "1-0"]
[WhiteElo "2429"]
[BlackElo "2490"]
[Annotator "Ribli,Z"]
[PlyCount "65"]
[EventDate "2001.11.01"]
[EventType "tourn"]
[EventRounds "13"]
[EventCountry "HUN"]
[EventCategory "10"]
[SourceTitle "CBM 087"]
[Source "ChessBase"]
[SourceDate "2002.03.21"]
[SourceVersion "1"]
[SourceVersionDate "2002.03.21"]
[SourceQuality "1"]

{[%mdl 16512]} 1. e4 c5 2. Nf3 e6 3. c4 {Weiß will der Paulsen-Variante
ausweichen.} a6 (3... Nc6 4. Nc3 Nf6 5. Be2) 4. Nc3 (4. d4 cxd4 5. Nxd4 Nf6 6.
Nc3 Bb4 $13 {Siehe B41} (6... Qc7)) 4... Nc6 5. Be2 Nf6 6. O-O (6. d4 cxd4 7.
Nxd4 Bb4 $11) 6... Qc7 (6... d6 7. d4 cxd4 8. Nxd4 $14 {Weiß hat mit dem
"Maroczy" - e4, c4- klaren Raumvorteil.}) (6... d5 $6 7. cxd5 (7. exd5 exd5 8.
d4 $14) 7... exd5 8. e5 $14) 7. d4 cxd4 8. Nxd4 Bb4 (8... Bd6 9. Kh1 Be5 (9...
Nxd4 10. Qxd4 Be5 11. Qd3 $14 {Droht f4}) 10. Nxc6 Qxc6 (10... bxc6 11. f4 $1
Bxc3 12. bxc3 c5 (12... Nxe4 13. Qd4 Nf6 14. Ba3 $16 {[%csl Ga3,Rb4,Rc5,Rd6,
Re7]}) 13. Bf3 (13. e5 Ne4) 13... Bb7 14. Qd3 $14) (10... dxc6 11. f4 $1 Bxc3
12. bxc3 Nxe4 13. Qd4 Nf6 (13... f5 14. Bh5+ Kf8 15. Ba3+ c5 16. Rad1 $18) 14.
Ba3 $44 {[%csl Ga3,Rb4,Rc5,Rd6,Re7]}) 11. f4 Bxc3 12. bxc3 Nxe4 13. Ba3 Nxc3
14. Qd4 Nxe2 15. Qxg7 $18) 9. Qd3 (9. Nxc6 dxc6 $5 (9... bxc6 10. Qd3 O-O 11.
f4 d5 12. e5 Nd7 13. Be3 Bb7 14. Rac1 Qb8 15. Na4 Rd8 16. c5 $14 {[%csl Rc5,
Re5] Weiß steht klar besser, weil für Schwarz sehr schwer Gegenspiel zu finden
ist.}) 10. Be3 Bxc3 (10... O-O 11. Qc2 e5 12. Na4 Be7 13. Nb6 (13. Bb6 Qb8 14.
c5 Be6 15. Rfd1 Qe8 16. Bc4 Bxc4 17. Qxc4 $14 {[%csl Gb6,Rc7,Gd1,Rd2,Rd3,Rd4,
Rd5,Rd6,Rd7,Rd8]}) 13... Rb8 14. Nxc8 Rbxc8 15. c5 $14) 11. bxc3 c5 12. Qc2 e5
13. f4 Bg4 14. fxe5 Bxe2 15. Qxe2 Qxe5 16. Bf4 Qe6 $13 {[%csl Rb7,Rc3,Rc4,Re4]
Die Stellung ist sehr unklar, Weiß kann die offenen und halboffenen Linien
besetzen, aber seine Baurnstruktur ist sehr schlecht.}) (9. Na4 Bd6 10. Nxc6
bxc6 11. g3 Nxe4 12. Qd4 Nf6 13. Nb6 Rb8 14. Nxc8 Be5 $15) (9. Bg5 $5 {Dieser
Zug kommt auch in Frage.} Bxc3 10. Bxf6 gxf6 11. bxc3 d6 12. Nxc6 Qxc6 13. Rb1
Ke7 14. Qd4 Bd7 15. Rfd1 Qc7 16. f4 Rad8 17. Bf3 $36 {[%csl Gb1,Rb7,Rd6,Gf3]
Weiß hat eine sehr gefährliche Initiative.}) 9... O-O (9... Ne5 10. Qg3 {
[%csl Yc7,Yd6,Ye5,Yf4]}) 10. Bg5 Bxc3 $6 (10... Qd6 $5 {Ich meine, Schwarz
sollte hier die Dame tauschen und die weiße Initiative neutralisieren.} 11.
Rad1 (11. Nxc6 dxc6 (11... Qxd3 12. Bxd3 dxc6 13. e5 $14 (13. Na4 e5 14. Bxf6
gxf6 15. a3 Be7 16. c5 Be6 $13)) 12. Qxd6 Bxd6 13. Rad1 Be5 $5 (13... Bb4 14.
e5 Bxc3 15. bxc3 Ne4 16. Be7 Re8 (16... Nxc3 17. Rd2 Nxe2+ 18. Rxe2 Re8 19. Rd1
{[%csl Gd1]}) 17. Rd3 Nxc3 18. Bf3 $44 {Weiß hat mehr als genug Kompensation..}
) 14. Na4 Nxe4 15. Be7 Re8 16. Nb6 Rb8 $13) 11... Nxd4 12. Qxd4 Qxd4 13. Rxd4
e5 $11) 11. bxc3 Ne5 (11... Qe5 $6 12. Bxf6 (12. f4 Qxe4 13. Nxc6 Qxc6 (13...
dxc6 14. Qg3) 14. Bxf6 gxf6 15. Qg3+ Kh8 16. Qh4 $40) 12... Qxf6 13. f4 $36)
12. Qe3 d6 (12... Neg4) 13. Bxf6 gxf6 14. f4 Nxc4 (14... Ng6 15. f5 Ne5 16. Qh6
$18) 15. Bxc4 Qxc4 16. Qg3+ Kh8 17. Qh4 Rg8 (17... Kg7 18. Rf3 $18) 18. Qxf6+
Rg7 19. Rf3 $1 $18 {[%csl Gf6,Rg7] Schwarz ist wegen der Fesselung hilflos.}
Bd7 (19... Kg8 20. Qd8#) 20. Rg3 Rag8 21. Rxg7 Rxg7 22. Qd8+ Rg8 23. Qxd7 Qxc3
24. Rd1 Qe3+ 25. Kh1 Qxf4 26. Nf3 Qg4 (26... Qxe4 27. Qxf7 $18 (27. Qxd6 $18))
27. Rg1 Qf4 28. Qxb7 Rg4 29. Qb2+ (29. Qxa6 $18) 29... f6 30. Qb8+ Rg8 31. Qb7
f5 32. exf5 Qxf5 33. Qxa6 1-0

[Event "Linares zt"]
[Site "Linares"]
[Date "1995.??.??"]
[Round "1"]
[White "Van der Wiel, John"]
[Black "Cacho Reigadas, Sergio"]
[Result "0-1"]
[WhiteElo "2545"]
[BlackElo "2400"]
[Annotator "Ribli,Z"]
[PlyCount "86"]
[EventDate "1995.11.??"]
[EventType "swiss"]
[EventRounds "11"]
[EventCountry "ESP"]
[SourceTitle "CBM 051"]
[Source "ChessBase"]
[SourceDate "1996.04.01"]
[SourceVersion "1"]
[SourceVersionDate "1996.04.01"]
[SourceQuality "1"]

1. e4 c5 2. Nf3 e6 3. d4 cxd4 4. Nxd4 a6 5. c4 $6 Nf6 6. Nc3 Bb4 7. e5 $6 {
Hochwahrscheinlich hat der Hollander seinen Gegner (-145 ELO) unterschaetzt
und deswegen waehlte er diese nicht ganz korrekte Variante.} (7. Bd3 Nc6 $10)
7... Ne4 $1 8. Qg4 Nxc3 9. a3 Bf8 10. bxc3 d6 $5 11. exd6 e5 12. Nf5 g6 13. Qg3
Nc6 14. Nh6 Qxd6 $1 {Der Spanier kennt diese Variante herrvoragend.} (14...
Bxd6 15. c5 Bxc5 16. Bc4 Rf8 17. O-O $44 {Boleslavsky}) 15. Be2 $146 {Die
weissen Bauern sehen am Damenfluegel sehr tragisch aus, dafuer hat er einige
Kompensation wegen seines aktiven Springers auf h6.} (15. Qf3 Qe6 16. Bg5 Be7
17. Bxe7 Qxe7 18. h4 f5 19. g4 Qg7 20. g5 Be6 21. O-O-O Qe7 22. Kb2 Bd7 $17 {
Geenen,M-Gheorghiu,F/Ostende/1987/INF46,(222)/}) 15... f5 $1 16. Bg5 Be7 17.
O-O Bxg5 18. Qxg5 Qe7 $1 19. h4 (19. Qe3 Kf8 {/\ Kg7,f4 ><h6}) 19... Qxg5 20.
hxg5 Be6 21. Rfe1 O-O-O $1 {Schwarz steht wegen seiner guenstigen
Bauernstruktur eindeutig besser, und jetzt ist der h6-Springer seine Bedeutung
schon verloren.} 22. g4 Rhf8 (22... f4 $2 23. Bf3 $13 {><e5}) 23. gxf5 gxf5 24.
Rad1 Rxd1 25. Rxd1 Rd8 $1 {Natuerlich will Schwarz dieser Turm auch tauschen
und dann kassiert er den weissen Damenfluegel.} 26. Re1 Rd7 $1 {/\ Rg7 ><g7}
27. f4 (27. Bf1 Rg7 28. f4 Kd7 29. fxe5 Rxg5+ 30. Kf2 Rh5 $19) (27. Kh2 $5)
27... exf4 28. Bf1 Nd8 29. Kf2 Rg7 30. Bd3 Rxg5 31. Re5 Rh5 $1 32. Nxf5 Kd7 33.
Kf3 (33. a4 Rh2+ $5 (33... Nc6 $2 34. Rxe6 $1 Kxe6 35. Ng7+) 34. Kf3 Rh3+ $19)
33... Rh3+ 34. Ke4 Nc6 35. Rc5 b6 36. Rxc6 Kxc6 37. Nd4+ Kd7 38. Bf1 Rh5 (38...
Rxc3 $19) 39. Kxf4 Ra5 40. Bd3 h5 41. Bg6 Rxa3 42. Ke5 Bxc4 43. Bxh5 Ra5+ {
Man muss schon alle Spieler sehr serious nehmen. Wenn jemand zu Hause ein
Computer und dazu natuerlich das CHESS BASE hat, dann kann er mindestens die
Eroffnungen so gut spielen wie ein Grossmeister. Ribli} 0-1

[Event "Dos Hermanas"]
[Site "Dos Hermanas"]
[Date "1994.??.??"]
[Round "1"]
[White "Morovic Fernandez, Ivan"]
[Black "Polgar, Judit"]
[Result "1/2-1/2"]
[WhiteElo "2605"]
[BlackElo "2630"]
[Annotator "Ribli,Z"]
[PlyCount "106"]
[EventDate "1994.04.??"]
[EventType "tourn"]
[EventRounds "9"]
[EventCountry "ESP"]
[EventCategory "16"]
[SourceTitle "CBM 041"]
[Source "ChessBase"]
[SourceDate "1994.08.01"]
[SourceVersion "1"]
[SourceVersionDate "1994.08.01"]
[SourceQuality "1"]

1. e4 c5 2. Nf3 e6 3. c4 Nc6 4. Nc3 Nf6 5. Be2 a6 6. O-O Qc7 7. d4 cxd4 8. Nxd4
Bb4 (8... h5 $5 {Cifuentes Parada,R-Bischoff,K/Groningen op/1990/CBM22/}) 9.
Na4 (9. Nxc6 dxc6 10. a3 Bxc3 11. bxc3 e5 $13 {Cifuentes Parada,R-Yudasin,L/
Oviedo 25`/1993/EXP38/}) 9... Bd6 10. Nxc6 bxc6 11. g3 (11. f4 Nxe4 12. Qd4 Nf6
13. c5 Be7 14. Nb6 Rb8 15. Nc4 O-O $13) 11... Nxe4 12. Qd4 Nf6 13. Nb6 (13. c5
Be5 14. Qd3 Nd5 $15) 13... Rb8 14. Nxc8 Be5 $1 (14... Rxc8 15. c5 Be5 16. Qa4
$13) 15. Qc5 Rxc8 16. Rd1 Rb8 17. Qa3 c5 18. Rb1 Bd4 (18... O-O $1 $15) 19. Bf3
Rb6 (19... Qb6 $5) 20. Bd2 Qb8 21. Ba5 (21. b3 O-O (21... Qa7 22. Ba5 Rb8 23.
Rxd4 cxd4 24. Qd6 $44) 22. Ba5 Rd6 23. b4 Qa7 24. b5 $13) 21... Rxb2 22. Rxb2
Qxb2 23. Qxb2 Bxb2 24. Rb1 Be5 25. Bc3 $1 Bc7 (25... Bd6 $5 26. Rb6 Ke7 27.
Rxa6 Rb8 $13) 26. Rb7 Bd8 (26... Bd6 $5) 27. Be5 Ke7 28. Bc6 Ba5 29. Ra7 Rd8
30. Rxa6 dxc6 31. Rxa5 Rd1+ 32. Kg2 Nd7 33. Bxg7 Rc1 34. Ra4 e5 35. Bh6 Rc2 36.
Be3 Kd6 37. Bh6 f5 38. Kf3 Ke6 39. Ra6 e4+ 40. Kg2 Ne5 41. Kf1 Rxc4 (41... Ng4
$5) 42. Bf4 Rc2 43. Bxe5 Kxe5 44. Rxc6 c4 45. a4 c3 46. a5 Kd5 47. Rc7 Kd4 48.
a6 Ra2 49. a7 h5 50. h4 Kd3 51. Rd7+ Kc2 52. Ke1 Kc1 53. Rc7 c2 1/2-1/2

[Event "Salou-A"]
[Site "Salou"]
[Date "2000.10.16"]
[Round "1"]
[White "Oratovsky, Michael"]
[Black "Miladinovic, Igor"]
[Result "0-1"]
[WhiteElo "2486"]
[BlackElo "2563"]
[Annotator "Ribli,Z"]
[PlyCount "50"]
[EventDate "2000.10.16"]
[EventType "tourn"]
[EventRounds "9"]
[EventCountry "ESP"]
[EventCategory "10"]
[SourceTitle "CBM 080"]
[Source "ChessBase"]
[SourceDate "2001.01.25"]
[SourceVersion "1"]
[SourceVersionDate "2001.01.25"]
[SourceQuality "1"]

1. e4 c5 2. Nf3 e6 3. c4 {Das ist eine Lieblingsvariante von Oratovsky.} Nc6 4.
Nc3 Qc7 (4... Nf6) 5. Be2 a6 6. d4 (6. O-O Nf6) 6... cxd4 7. Nxd4 Nf6 8. a3 {
Dieser Zug ist gegen Bb4 gerichtet.} (8. O-O Bb4 9. Qd3) 8... Nxd4 9. Qxd4 Bd6
{[%cal Gd6e5,Ge5c3] Der Läufer steht - auf den ersten Blick - unnatuerlich auf
d6, aber das ist typisch für diese Variante. Schwarz möchte in der Folge Be5
spielen. Ich möchte darauf hinweisen, dass Oratovsky später im selben Turnier-
mit Schwarz - auch diese Variante spielte.} 10. Be3 (10. Bd2 b6 11. Na4 Rb8 12.
Rc1 Bb7 13. c5 Be5 14. Qe3 b5 15. Nc3 O-O {1/2-1/2 Kogan,A-Oratovsky,M/Salou
2000/CBM 80_02 (15)}) (10. Bg5 Be5 11. Qe3 h6 12. Bh4 Qc6 13. O-O Bxc3 14. Qxc3
Qxe4 15. Bxf6 Qxe2 16. Bxg7 Rg8 17. f3 $1 d5 18. cxd5 Qb5 19. Rfe1 Qxd5 20. Bf6
Bd7 21. Qb4 {1-0 Penrose,J-Franklin,M/Rhyl 1969/MCL (21)}) 10... Be5 11. Qd2
O-O $11 {[%csl Ge5] Der Be5 steht stark und dominiert das Brett. Der Bc8 steht
noch passiv, aber in der Folge kann Schwarz entweder b6-Bb7 oder d6-Bd7
spielen. Andererseits verfügt Weiß über ein starkes Bauernzentrum. Aber
aufgrund des Be5 kann er nicht kurz rochieren, und angesichts der
c4-Bauernstellung scheint die lange Rochade mehr als gefährlich.} 12. Bd4 {
Es ist logisch, dass Weiß den starken Be5 abtauschen möchte.} d6 13. Rd1 (13.
O-O $11) 13... Bd7 {[%cal Gd7c6]} 14. f4 {Der Textzug ist zu agressiv und
schwächt den Pe4. Zwar steht Weiß überlegen im Zentrum, aber sein König
befindet sich noch in der Mitte. Später in diesem Turnier zeigte sich
Oratovsky mit dieser Fortsetzung nicht zufrieden und gab 14.Bxe5 - mit
gleichen Chancen - den Vorzug.} (14. Bxe5 dxe5 15. Qd6 Qa5 16. Qb4 Qc7 17. Qd6
{1/2-1/2 Oratovsky,M-Hamdouchi,H/Salou 2000/CBM 80_02 (17)}) 14... Bxd4 15.
Qxd4 Bc6 16. Qxd6 (16. O-O Rfd8 $11) 16... Qb6 $5 {[%mdl 64]} (16... Qxd6 17.
Rxd6 Nxe4 (17... Bxe4 18. Kf2 $14 (18. Nxe4 Nxe4 19. Rd4 f5 20. O-O $14 (20.
Bf3 Rfd8 21. Rxd8+ Rxd8 22. Bxe4 fxe4 23. Ke2 Rd3 $11))) 18. Rxc6 Nxc3 19. Rb6
Nxe2 20. Kxe2 Rac8 21. b3 Rc7 22. Rd1 $14) 17. e5 Rfd8 $2 {Dieser Zug ist
scheinbar sehr stark, und Schwarz gewinnt unserer Partie auch problemlos. In
Wirklichkeit aber ist die Fortsetzung 17.Qxb2 stärker.} (17... Qxb2 $1 18. Qb4
Qc2 $5 (18... Qxb4 19. axb4 Ne4 $11 (19... Bxg2 20. Rg1 Ne4 21. Nb1 Bh3 22. Bf3
Bf5 (22... f5 23. Rd3 {[%cal Gd3h3]} Bg4 24. Bxe4 fxe4 25. Rdg3 $16) 23. Ke2
$16)) 19. Rd2 (19. exf6 a5 $1 $17 {[%csl Rb4,Rc3] Die weiße Dame muss weichen,
anschließend nimmt Schwarz den Nc3 mit Schach.}) 19... Qc1+ 20. Rd1 (20. Nd1
Ne4 $19) (20. Bd1 Rad8 $17) 20... Qc2 $11) 18. Qb4 Qe3 19. Rxd8+ $2 (19. exf6
Bxg2 20. Qa5 $3 {Das ist eine sehr unerwartete und starke Fortsetzung, es
droht 21.Qg5 und es hängt der Rd8. Ich möchte anmerken, dass dieser Zug sehr
schwer zu finden - besonders in einer praktischen Partie.} Rxd1+ (20... b6 21.
Qg5 g6 22. Qh6 $18) 21. Nxd1 Qxf4 (21... Qd4 22. Qg5 $18 {[%cal Rg5g7,Rg5g2]})
22. Rg1 Qh4+ (22... Qxh2 23. Qb6 $18 (23. Qc5 $18)) 23. Kd2 Qd4+ {[%cal Rd4d2,
Rd4g1]} 24. Kc1 Qxg1 25. Qg5 Kf8 (25... g6 26. Qh6 $18) 26. Qxg7+ Ke8 27. Qg8+
Kd7 28. Qxa8 $18) 19... Rxd8 $17 20. Nd1 (20. exf6 Qd2+ 21. Kf2 Qxf4+ 22. Bf3
Rd2+ 23. Ne2 Bxf3 24. gxf3 Qd4+ 25. Kf1 Qe3 $19 {[%csl Re2,Rf1]}) {[#]} 20...
Rxd1+ $1 {[%mdl 512]} 21. Kxd1 Ne4 $19 {[%csl Rd1,Ge4] Weiß hat zwar
Materialvorteil - Mehrqualität und -bauer - aber das hat gar keine Bedeutung.
Der weiße König befindet sich in Mattnetz.} 22. Ke1 (22. Kc2 Qxe2+ $19) 22...
Qc1+ 23. Bd1 Qxf4 24. Rf1 (24. Bf3 Qc1+ 25. Bd1 Qe3+ 26. Be2 b6 $1 $19 {
Weiß hat keine Verteidigung gegen 27...a5 - die weiße Dame muss die
Verteidigung des Feldes d2 aufgeben.}) 24... Qe3+ 25. Be2 Ba4 $1 {Droht 26...
Qc1 mit Matt. Weiß hat keine Verteidigung.} 0-1